000 00774cam a22002532 4500
001 0000002529
005 20151217155203.0
008 070412s xx 000 0 eng d
020 _a0072401338 (v. 1) :
040 _aKABU
_cKABU
050 0 _aHF5635
_b.S65 2001
100 1 _aSpiceland, J. David.
_@0000151907
245 1 0 _aIntermediate accounting v. 1 /
_cJ. David Spiceland, James F. Sepe, Lawrence A. Tomassini.
250 _a2nd ed.
260 _aBoston :
_bMcGraw-Hill,
_c2001.
300 _a560 p.
362 0 _av. 1.
650 0 _aAccounting.
_@0000148321
700 1 _aSepe, James F.
_@0000151910
700 1 _aTomassini, Lawrence A.
_@0000151909
908 _a070412
950 _@1
999 _c11865
_d11865